Managerial economics : firms, markets, and business decisions / (Record no. 1671)

000 -LEADER
fixed length control field 00501nam a22001697a 4500
003 - CONTROL NUMBER IDENTIFIER
control field OSt
005 - DATE AND TIME OF LATEST TRANSACTION
control field 20150420161630.0
008 - FIXED-LENGTH DATA ELEMENTS--GENERAL INFORMATION
fixed length control field 150420b xxu||||| |||| 00| 0 eng d
020 ## - INTERNATIONAL STANDARD BOOK NUMBER
International Standard Book Number 9780198775706
050 ## - LIBRARY OF CONGRESS CALL NUMBER
Classification number HD 30.22 D627 1999
100 ## - MAIN ENTRY--PERSONAL NAME
Personal name Dobbs, Ian M
245 ## - TITLE STATEMENT
Title Managerial economics : firms, markets, and business decisions /
Statement of responsibility, etc Ian M. Dobbs
260 ## - PUBLICATION, DISTRIBUTION, ETC. (IMPRINT)
Place of publication, distribution, etc Oxford ; New York :,
Name of publisher, distributor, etc Oxford University Press
Date of publication, distribution, etc 2000
300 ## - PHYSICAL DESCRIPTION
Extent xvii, 493p
650 ## - SUBJECT ADDED ENTRY--TOPICAL TERM
Source of heading or term Managerial economics
942 ## - ADDED ENTRY ELEMENTS (KOHA)
Source of classification or shelving scheme
Koha item type Book
Holdings
Withdrawn status Lost status Source of classification or shelving scheme Damaged status Not for loan Home library Current library Shelving location Date acquired Total Checkouts Full call number Barcode Date last seen Copy number Price effective from Koha item type
          Riara University Library Riara University Library General stack 20/04/2015   HD 30.22 D627 1999 5802/15 20/04/2015 C.I 20/04/2015 Book

Riara University Library,
P.O. Box 49940-00100,
Nairobi, Kenya.